Biblioteca y Centro de Documentación

La reforma del sistema de negociación colectiva y el análisis de las cláusulas de revisión salarial (Registro nro. 21962)

Detalles MARC
000 -CABECERA
Longitud fija campo de control 02522nam a2200517 c 4500
001 - NÚMERO DE CONTROL
Número de control 21962
003 - IDENTIFICADOR DE NÚMERO DE CONTROL
Identificador del número de control ES-MaCES
005 - FECHA Y HORA DE LA ÚLTIMA TRANSACCIÓN
Fecha y hora de la última transacción 20150929135823.0
008 - CAMPO FIJO DE DESCRIPCIÓN FIJA--INFORMACIÓN GENERAL
Códigos de información de longitud fija   090309s2008 sp d o100 | spa d
017 ## - NÚMERO DE REGISTRO DE DERECHOS DE AUTOR Y DEPÓSITO LEGAL
Número de copyright o de depósito legal M 57484-2008
Agencia que asigna el número DL
020 ## - ISBN (INTERNATIONAL STANDARD BOOK NUMBER)
Número Internacional Normalizado para Libros (ISBN) 9788484173168
024 7# - OTROS IDENTIFICADORES
Número normalizado o código 201-08-136-6
Fuente del número o código nipo
035 ## - NÚMERO DE CONTROL DEL SISTEMA
Número de control del sistema CES20090002754m
040 ## - FUENTE DE CATALOGACIÓN
Centro catalogador de origen ES-MaCES
Lengua de catalogación spa
Centro transcriptor ES-MaCES
111 2# - ENCABEZAMIENTO PRINCIPAL--NOMBRE DE REUNIÓN
Nombre de congreso o jurisdicción como elemento de entrada Jornadas de Estudio sobre Negociación Colectiva
Número del congreso o número de parte o sección de la obra 19º
Fecha del congreso 2006
Sede del congreso Sevilla
9 (RLIN) 1073
245 13 - MENCIÓN DE TÍTULO
Título La reforma del sistema de negociación colectiva y el análisis de las cláusulas de revisión salarial
Resto del título : XIX y XX Jornadas de Estudio sobre Negociación Colectiva, Sevilla 1 de junio de 2006 [y] La Coruña, 27 de septiembre de 2007
Mención de responsabilidad, etc. edición preparada por la Comisión Consultiva Nacional de Convenios Colectivos
260 ## - PUBLICACIÓN, DISTRIBUCIÓN, ETC (PIE DE IMPRENTA)
Lugar de publicación, distribución, etc. Madrid
Nombre del editor, distribuidor, etc. Ministerio de Trabajo e Inmigración, Subdirección General de Información Administrativa y Publicaciones
Fecha de publicación, distribución, etc. [2008]
300 ## - DESCRIPCIÓN FÍSICA
Extensión 391 p.
Otras características físicas gráf. bl. y n.
Dimensiones 22 cm
490 1# - MENCIÓN DE SERIE
Mención de serie Colección Informes y estudios. Serie Relaciones laborales
Designación de volumen o secuencia 87
500 ## - NOTA GENERAL
Nota general Incluye (p. 187-391): La negociación colectiva en los años 2005, 2006 y 2007 ; Memoria de actividades 2005 y 2006 de la CCNCC
541 ## - NOTA DE LA FUENTE INMEDIANTE DE ADQUISICIÓN
Forma de adquisición Gratuito
610 14 - ASIENTO SECUNDARIO DE MATERIA--NOMBRE CORPORATIVO
Nombre de entidad corporativa o nombre de jurisdicción como elemento inicial Comisión Consultiva Nacional de Convenios Colectivos (España)
9 (RLIN) 2011
650 #4 - ASIENTO SECUNDARIO DE MATERIA--TÉRMINO DE MATERIA
Término de materia o nombre geográfico como elemento inicial negociación colectiva
9 (RLIN) 28362
650 #4 - ASIENTO SECUNDARIO DE MATERIA--TÉRMINO DE MATERIA
Término de materia o nombre geográfico como elemento inicial salario
9 (RLIN) 28387
650 #4 - ASIENTO SECUNDARIO DE MATERIA--TÉRMINO DE MATERIA
Término de materia o nombre geográfico como elemento inicial inflación
9 (RLIN) 28097
650 #4 - ASIENTO SECUNDARIO DE MATERIA--TÉRMINO DE MATERIA
Término de materia o nombre geográfico como elemento inicial acuerdo económico
9 (RLIN) 27961
650 #4 - ASIENTO SECUNDARIO DE MATERIA--TÉRMINO DE MATERIA
Término de materia o nombre geográfico como elemento inicial reforma legislativa
9 (RLIN) 29892
650 #4 - ASIENTO SECUNDARIO DE MATERIA--TÉRMINO DE MATERIA
Término de materia o nombre geográfico como elemento inicial España
9 (RLIN) 26964
650 #4 - ASIENTO SECUNDARIO DE MATERIA--TÉRMINO DE MATERIA
Término de materia o nombre geográfico como elemento inicial 2005-2007
9 (RLIN) 31858
650 #4 - ASIENTO SECUNDARIO DE MATERIA--TÉRMINO DE MATERIA
Término de materia o nombre geográfico como elemento inicial informe de actividades
9 (RLIN) 28984
650 #4 - ASIENTO SECUNDARIO DE MATERIA--TÉRMINO DE MATERIA
Término de materia o nombre geográfico como elemento inicial memoria anual
9 (RLIN) 28977
650 #4 - ASIENTO SECUNDARIO DE MATERIA--TÉRMINO DE MATERIA
Término de materia o nombre geográfico como elemento inicial 2005-2006
9 (RLIN) 31839
650 #4 - ASIENTO SECUNDARIO DE MATERIA--TÉRMINO DE MATERIA
Término de materia o nombre geográfico como elemento inicial conferencia
9 (RLIN) 27013
653 10 - TÉRMINO DE INDEXACIÓN--NO CONTROLADO
Término no controlado Relaciones laborales-Empleo
650 #4 - ASIENTO SECUNDARIO DE MATERIA--TÉRMINO DE MATERIA
9 (RLIN) 28369
Término de materia o nombre geográfico como elemento inicial relaciones laborales
650 #4 - ASIENTO SECUNDARIO DE MATERIA--TÉRMINO DE MATERIA
9 (RLIN) 30664
Término de materia o nombre geográfico como elemento inicial concertación social
710 1# - ENCABEZAMIENTO SECUNDARIO--NOMBRE CORPORATIVO
Nombre de entidad o nombre de jurisdicción como elemento inicial Comisión Consultiva Nacional de Convenios Colectivos (España)
Término indicativo de función col.
9 (RLIN) 2011
710 1# - ENCABEZAMIENTO SECUNDARIO--NOMBRE CORPORATIVO
Nombre de entidad o nombre de jurisdicción como elemento inicial España
Unidad subordinada Ministerio de Trabajo e Inmigración
Término indicativo de función ed.
9 (RLIN) 3272
711 2# - ENCABEZAMIENTO SECUNDARIO--NOMBRE DE REUNIÓN
Nombre de congreso o nombre de jurisdicción como elemento inicial Jornadas de Estudio sobre Negociación Colectiva
Número del congreso o número de parte o sección de la obra 20º
Fecha del congreso 2007
Sede del congreso La Coruña
9 (RLIN) 1074
740 32 - ENCABEZAMIENTO SECUNDARIO--TÍTULO ANALÍTICO/RELACIONADO NO CONTROLADO
Título relacionado o analítico no controlado La negociación colectiva en España en 2005, 2006 y 2007
740 02 - ENCABEZAMIENTO SECUNDARIO--TÍTULO ANALÍTICO/RELACIONADO NO CONTROLADO
Título relacionado o analítico no controlado Memoria de actividades 2005 y 2006 / Conmisión Consultiva Nacional de Convenios Colectivos
830 #0 - ENCABEZAMIENTO SECUNDARIO DE COLECCIÓN--TÍTULO UNIFORME
Título uniforme Colección Informes y estudios (España. Ministerio de Trabajo e Inmigración)
Nombre de parte o sección de la obra Serie Relaciones laborales
Designación de volumen o secuencia 87
9 (RLIN) 34424
902 ## - CES. TIPO DE DOCUMENTO
Tipodoc (006$c Sirtex) LIB Libro
942 ## - ELEMENTOS KOHA
Fuente de clasificaión o esquema Clasificación propia del CES
Koha [por defecto] tipo de item Monografías
Parte de clasificación 2.0.
Existencias
Número de registro Signatura completa Tipo de item de Koha
073527 SG-2.0.-16 Monografías
© CES, Consejo Económico y Social de España 2021